Perjuangan parti kebangsaan melayu Borneo Utara dan kesannya ke atas penduduk peribumi Islam

Bibliographic Details
Main Author: Afiq Nazrin Nor Razlan
Format: Book
Published: Bangi : Penerbit Universiti Kebangsaan Malaysia , 2019
Subjects:

MARC

LEADER 00000cam a2200000 7i4500
001 0000278703
005 20210223153326.0
020 |a 9789674128654 
090 0 0 |a 324.20959521   |b AFI 
100 0 |a Afiq Nazrin Nor Razlan 
245 1 0 |a Perjuangan parti kebangsaan melayu Borneo Utara dan kesannya ke atas penduduk peribumi Islam   |c Afiq Nazrin Nor Razlan 
260 |a Bangi :   |b Penerbit Universiti Kebangsaan Malaysia ,   |c 2019 
300 |a 176p. ;   |c 23cm. 
610 2 0 |a Parti Kebangsaan Melayu Borneo Utara 
650 0 |a Government publications   |z Malaysia 
650 0 |a Political parties   |z Malaysia   |z Sabah 
650 0 |a Political party organization   |z Malaysia   |z Sabah 
651 0 |a Sabah (Malaysia)   |x SOcial conditions 
999 |a 00387168   |b BUKU   |c MALAYSIANA   |e PERPUSTAKAAN KOMUNITI PETALING JAYA